000 00581nam a22001937a 4500
005 20260514110116.0
010 _aENG-148481
020 _a9789389624762
_c350.00
035 _aEN-132013
037 _bDBAD
082 _aS
100 _aSharma, Alpna Das
_989082
245 _aMahajaya/
_cAlpna Das Sharma
250 _a1
260 _bVishwakarma Publications
_c2024
_aMaharashtra
270 _a34A/1, Suyog Center, 7th floor, Gultekedi Marketyard Road, Giridhar Bhavan Chowk,
_e411037
_bPune
_minfo@vpindia.co.in
300 _a244p.
_c21cm (pb)
942 _2ddc
_cEN
_hS
_mSHA
999 _c216159
_d216159